00822nam a2200253 i 4500001000700000003000700007005001700014008004100031020001800072080002300090100002100113245005400134250003300188260004300221300002200264490004600286490001200332500002700344504003400371651005100405830004600456830001200502852005400514189428SpMaBN20230906223454.0190531s1996 sp |||| | spa d a84-01-45141-8 a32(460)"1975/1982"1 aPrego, Victoria.10aAsí se hizo la Transición / cVictoria Prego. a1ª ed. en esta colección. aBarcelona : bPlaza y Janés, c1996. a690 p. ; c19 cm.1 aLos libros de Manuel Leguineche Fax Press1 aTribuna aÍndice onomástico. aReferencias bibliográficas. 7aEspaña-xHistoria-y1975-1982, Transición.0 aLos libros de Manuel Leguineche Fax Press0 aTribuna aES-MaACLjL-32424 z. - Donat. Carmen Zumárraga